Методы программирования приложений виртуальной реальности средствами трехмерных игровых движков; Современные проблемы радиоэлектроники и телекоммуникаций

Detalhes bibliográficos
Parent link:Современные проблемы радиоэлектроники и телекоммуникаций.— 2024.— С. 147
Autor principal: Овдин А. Е. Александр Евгеньевич
Outros Autores: Саклаков В. М. Василий Михайлович (научный руководитель)
Resumo:В докладе рассмотрены ключевые аспекты разработки приложений для гарнитур виртуальной реальности на примере видеоигр. Описываются особенности работы VR-приложений и методы их программирования
In the report, key aspects of developing applications for virtual reality headsets using video games as an example are considered. The features of VR applications and their programming methods are described
Текстовый файл
Idioma:russo
Publicado em: 2024
Assuntos:
Acesso em linha:https://www.sevsu.ru/upload/iblock/487/3vzl58wv9p9a8xsuwmwkq9rogqtl09dl/%D0%A0%D0%A2-2024.pdf#page=147
Formato: Recurso Electrónico Capítulo de Livro
KOHA link:https://koha.lib.tpu.ru/cgi-bin/koha/opac-detail.pl?biblionumber=679766

MARC

LEADER 00000naa0a2200000 4500
001 679766
005 20250418115928.0
090 |a 679766 
100 |a 20250418d2024 k||y0rusy50 ca 
101 2 |a rus 
102 |a RU 
135 |a drcn ---uucaa 
181 0 |a i   |b  e  
182 0 |a b 
183 0 |a cr  |2 RDAcarrier 
200 1 |a Методы программирования приложений виртуальной реальности средствами трехмерных игровых движков  |d Methods of programming virtual reality applications using three-dimensional game engines  |f Овдин А. Е., Саклаков В. М.  |g науч. рук.: Саклаков В. М.  |z eng 
203 |a Текст  |b визуальный  |c электронный 
283 |a online_resource  |2 RDAcarrier 
320 |a Список литературы: 1 назв 
330 |a В докладе рассмотрены ключевые аспекты разработки приложений для гарнитур виртуальной реальности на примере видеоигр. Описываются особенности работы VR-приложений и методы их программирования 
330 |a In the report, key aspects of developing applications for virtual reality headsets using video games as an example are considered. The features of VR applications and their programming methods are described 
336 |a Текстовый файл 
463 1 |t Современные проблемы радиоэлектроники и телекоммуникаций  |o сборник научных трудов 20-й Международной молодежной научно-технической конференции, Севастополь, 7-11 Октября 2024  |n Изд-во СевГУ  |c Севастополь  |v С. 147  |d 2024 
610 1 |a труды учёных ТПУ 
610 1 |a электронный ресурс 
610 1 |a трехмерные движки 
610 1 |a программирование 
610 1 |a приложения 
700 1 |a Овдин  |b А. Е.  |g Александр Евгеньевич 
701 1 |a Саклаков  |b В. М.  |c специалист в области информатики и вычислительной техники  |c cтарший преподаватель Томского политехнического университета  |f 1989-  |g Василий Михайлович  |9 21244 
702 1 |a Саклаков  |b В. М.  |c специалист в области информатики и вычислительной техники  |c cтарший преподаватель Томского политехнического университета  |f 1989-  |g Василий Михайлович  |4 727 
801 0 |a RU  |b 63413507  |c 20250418 
850 |a 63413507 
856 4 |u https://www.sevsu.ru/upload/iblock/487/3vzl58wv9p9a8xsuwmwkq9rogqtl09dl/%D0%A0%D0%A2-2024.pdf#page=147  |z https://www.sevsu.ru/upload/iblock/487/3vzl58wv9p9a8xsuwmwkq9rogqtl09dl/%D0%A0%D0%A2-2024.pdf#page=147 
942 |c CF